书目信息 |
| 题名: |
西方著名美学家评传
|
|
| 作者: | 阎国忠 主编 | |
| 分册: | ||
| 出版信息: | 合肥 安徽教育出版社 1991.04 |
|
| 页数: | 773页 | |
| 开本: | 21cm | |
| 丛书名: | ||
| 单 册: | ||
| 中图分类: | B83-61 | |
| 科图分类: | ||
| 主题词: | 美学--词典 | |
| 电子资源: | ||
| ISBN: | 7-5336-0769-4 | |
| 000 | 00568nam0 2200193 45 | |
| 001 | 0506021042 | |
| 005 | 20050603085308.2 | |
| 010 | @a7-5336-0769-4@dCNY10.00 | |
| 100 | @a20050602d1991 km y0chiy0120 ea | |
| 101 | 0 | @achi |
| 105 | @a z 000yy | |
| 200 | 1 | @a西方著名美学家评传@AXi Fang Zhu Ming Mei Xue Jia Ping Chuan@f阎国忠主编@FYan Guo Zhong Zhu Bian |
| 210 | @a合肥@c安徽教育出版社@d1991.04 | |
| 215 | @a773页@d21cm | |
| 606 | 0 | @a美学@x词典 |
| 690 | @aB83-61@v3 | |
| 701 | 0 | @a阎国忠@4主编 |
| 801 | @aCN@bPftUser@c20050602 | |
| 905 | @f1@b249336@dB83-61@e109:2 | |
| 西方著名美学家评传/阎国忠主编.-合肥:安徽教育出版社,1991.04 |
| 773页;21cm |
| ISBN 7-5336-0769-4:CNY10.00 |
| ● |
| 相关链接 |
|
|
|
|
正题名:西方著名美学家评传
索取号:B83-61/109:2
 
预约/预借
| 序号 | 登录号 | 条形码 | 馆藏地/架位号 | 状态 | 备注 |
| 1 | 0249336 | 002041757 | 第一样本阅览室/ [索取号:B83-61/109:2] | 在馆 |